000 00933nam a22002177a 4500
999 _c177319
_d177319
005 20210406161725.0
010 _aB-739345-347 B-739702
020 _a9789389136500
_c295.00
035 _aB-739345-347
035 _aB-739702
037 _bNiyogi Books
082 _aS
100 _aGrahame, Kenneth
245 _aThe wind in the willows /
_cby Kenneth Grahame
260 _aNew Delhi
_bNiyogi Books
_c2020
270 _aBlock D, Building No. 77, Okhla Industrial Area, Phase-I
_bNew Delhi
_e110020
300 _a295p.
_c19cm(Hb)
942 _2ddc
_cCH
_mGRA
_hS